Open-channel hydraulics. (Record no. 547882)
[ view plain ]
| 000 -LEADER | |
|---|---|
| fixed length control field | 00509cam a22001691 4500 |
| 082 ## - DEWEY DECIMAL CLASSIFICATION NUMBER | |
| Classification number | 627.13 |
| Author Mark | CHO |
| -- | L-22, P-29 |
| 100 1# - MAIN ENTRY--PERSONAL NAME | |
| Personal name | Chow, Ven Te, |
| 9 (RLIN) | 43895 |
| 245 10 - TITLE STATEMENT | |
| Title | Open-channel hydraulics. |
| 260 ## - PUBLICATION, DISTRIBUTION, ETC. | |
| Place of publication, distribution, etc. | New York, |
| Name of publisher, distributor, etc. | McGraw-Hill, |
| Date of publication, distribution, etc. | 1959. |
| 300 ## - PHYSICAL DESCRIPTION | |
| Extent | 680 p. |
| Other physical details | illus. |
| Dimensions | 24 cm. |
| 526 ## - STUDY PROGRAM INFORMATION NOTE | |
| Program name | 0 |
| Interest level | 0 |
| Reading level | 0 |
| Title point value | 627_130000000000000_CHO |
| 526 ## - STUDY PROGRAM INFORMATION NOTE | |
| Program name | 0 |
| Interest level | 0 |
| Reading level | 0 |
| Title point value | 627_130000000000000_CHO |
| 526 ## - STUDY PROGRAM INFORMATION NOTE | |
| Program name | 0 |
| Interest level | 0 |
| Reading level | 0 |
| Title point value | 627_130000000000000_CHO |
| 650 #0 - SUBJECT ADDED ENTRY--TOPICAL TERM | |
| Topical term or geographic name entry element | Channels (Hydraulic engineering) |
| 650 #0 - SUBJECT ADDED ENTRY--TOPICAL TERM | |
| Topical term or geographic name entry element | Hydraulics. |
| 942 ## - ADDED ENTRY ELEMENTS (KOHA) | |
| Source of classification or shelving scheme | |
| Koha item type | Book |
| Withdrawn status | Lost status | Source of classification or shelving scheme | Damaged status | Not for loan | Permanent Location | Current Location | Date acquired | Total Checkouts | Full call number | Barcode | Date last seen | Date last checked out | Price effective from | Koha item type |
|---|---|---|---|---|---|---|---|---|---|---|---|---|---|---|
| Military College of Engineering (MCE) | Military College of Engineering (MCE) | 08/11/2014 | 1 | 627.13 CHO | MCE-2615 | 11/18/2019 | 10/14/2019 | 08/11/2014 | Book | |||||
| Military College of Engineering (MCE) | Military College of Engineering (MCE) | 08/11/2014 | 1 | 627.13 CHO | MCE-33232 | 12/24/2019 | 10/10/2019 | 08/11/2014 | Book | |||||
| Military College of Engineering (MCE) | Military College of Engineering (MCE) | 08/11/2014 | 1 | 627.13 CHO | MCE-33231 | 11/07/2019 | 10/10/2019 | 08/11/2014 | Book |
